000 01093nam a22003257a 4500
003 CHAP
005 20220329133457.0
008 971013s1992 r 00010 d
010 _a6837
011 _a7809
035 _a7033
040 _cCHAP
090 _aFolleto 14208
100 0 0 _aMorrell, Jeffrey J.
_978882
245 _aEffect of nutrient regimes, temperature, ph and wood sterilization method on performance of selected bioprotectants against wood staining fungi
260 _aSweden:
_bInternational Research Group on Wood Preservation,
_c1992
300 _a11 p.
590 _aBATCH-UPD
_b10
_c20130110
_lUCH01
_h1714
590 _aCONVERSION
_b10
_c20130109
_lUCH01
_h1305
650 1 4 _aBacillus subtilis.
_99297
650 1 4 _aFungicidas.
_944044
650 1 4 _aMadera
_xHongos.
_969608
650 1 4 _aPinus ponderosa.
_988359
650 1 4 _aPseudomonas putia.
_992576
650 1 4 _aTrichoderma harzianum.
_9114924
901 _aBK
942 _cFOLL
949 _aFolleto 14208
_bBC
_cFOLL
_d-16806
_eTS1
_i7033
_si
949 _aFolleto 14208
_bBC
_cFOLL
_d-16807
_eTS2
_fc.2
_i7033
_si
999 _c6837
_d6837